Programming in C language / (Record no. 37811)

MARC details
000 -LEADER
fixed length control field 00810nam a22002297a 4500
005 - DATE AND TIME OF LATEST TRANSACTION
control field 2010072205365.0
010 ## - LCCN (DPL NO)
LC control number ENG-97070
020 ## - INTERNATIONAL STANDARD BOOK NUMBER
Terms of availability 150.00
International Standard Book Number 9788183333702
035 ## - SYSTEM CONTROL NUMBER
System control number EN-805603
037 ## - SOURCE OF ACQUISITION
Source of stock number/acquisition DBAD/PUB
082 ## - DEWEY DECIMAL CLASSIFICATION NUMBER
Classification number 005.133
100 ## - MAIN ENTRY--PERSONAL NAME
Personal name Jain, Satish
245 ## - TITLE STATEMENT
Title Programming in C language /
Statement of responsibility, etc by Satish Jain, Madhulika Jain [and] Shashi Singh
260 ## - PUBLICATION, DISTRIBUTION, ETC. (IMPRINT)
Place of publication, distribution, etc New Delhi
Name of publisher, distributor, etc BPB Publications
Date of publication, distribution, etc 2010
270 ## - ADDRESS
City New Delhi
Postal code 110001
Address B-14, Connaught Place,
300 ## - PHYSICAL DESCRIPTION
Extent xvi 228 p.
Dimensions 24 cm (pbk)
500 ## - GENERAL NOTE
General note includes index
700 ## - ADDED ENTRY--PERSONAL NAME
9 (RLIN) 1438
Personal name Jain, Madhulika
700 ## - ADDED ENTRY--PERSONAL NAME
Personal name Singh, Shashi
9 (RLIN) 1585
942 ## - ADDED ENTRY ELEMENTS (KOHA)
Source of classification or shelving scheme Dewey Decimal Classification
Item type English Books
Call number suffix JAI
Classification part 005.133
Holdings
Withdrawn status Lost status Not for loan Collection code Home library Current library Date acquired Source of acquisition Cost, normal purchase price Full call number Barcode Copy number Cost, replacement price Koha item type
    Not For Loan Non-fiction D.B.Act.Division D.B.Act.Division 26/07/2010 DBAD/PUB 150.00 005.133 JAI EN-80603 1 150.00 English Books

© Delhi Public Library
Hit Counter
free hit counter